Les Stark dans Game of Thrones - Statistiques

Statistiques générales
  • Ce quiz a été pris 691 fois
  • Le résultat moyen est 8 sur 9
Answers on the Grid
Answers color-coded by a green-red scale on the quiz's grid according to % correct below.
Ned
Catelyn
Robb
Arya
Sansa
Bran
Rickon
Jon Snow
Benjen
Tyrion
Cersei
Le Limier
Joffrey
Tony
Daenerys
 
Statistiques - réponses
Réponse % Correct
Arya
97%
Robb
96%
Sansa
96%
Ned
95%
Bran
94%
Catelyn
92%
Jon Snow
91%
Rickon
90%
Benjen
87%
Aucun quiz correspondant
Distribution des résultats
% des personnes avec chaque résultat
Percentile par nombre de réponses
Votre historique - résultats
Vous n’avez pas pris ce quiz